| 000 | 00943nas a2200325 4500 | ||
|---|---|---|---|
| 001 | BR0808434 | ||
| 003 | BR-BrBNA | ||
| 005 | 20231205112856.0 | ||
| 007 | ta | ||
| 008 | 230509b bl.|||p| |||| 00| 00por d | ||
| 040 |
_aBR-BrBNA _bpor _cBiblioteca Nacional de Agricultura |
||
| 041 | _a(Pt) | ||
| 072 | _aL73 | ||
| 100 | 1 | _aLarsson, C.E. | |
| 100 | 1 | _aDelayte, E.H. | |
| 100 | 1 | _aBalda, A.C. | |
| 100 | 1 | _aMichalany, N.S. | |
| 100 | 1 | _aPinheiro, S.R. | |
| 100 | 1 | _aOtsuka, M. | |
| 100 | 1 | _aRoxo, E. | |
| 245 | 1 | _aDermatite micobacteriana atípica em gato: relato de caso | |
| 650 | _aGATO | ||
| 650 | _aMAMÍFERO DOMÉSTICO | ||
| 650 | _aDOENÇA ANIMAL | ||
| 650 | _aMICOBACTÉRIA | ||
| 650 | _aDERMATITE | ||
| 773 | 0 |
_tArquivo Brasileiro de Medicina Veterinária e Zootecnia (Brazil) _xISSN 0102-0935 _g(Dec 2006), v. 58(6) p. 1092-1098 _wBR0808434 |
|
| 909 |
_a202311 _bLúcia _c55 _dLúcia Elande |
||
| 942 |
_2AGRIS _n0 _cANA |
||
| 999 |
_c200525 _d200525 |
||